000 00900nac a22002777a 4500
001 BR9801452
003 BR-BrBNA
005 20240105122104.0
008 230509b bl.|||m| |||| 00| 0 por d
040 _aBR-BrBNA
_bpor
_cBiblioteca Nacional de Agricultura
072 _aF08
090 _a1600 BR9801452
100 1 _aFurlani, P.R.
110 1 _aInstituto Agronomico, Campinas, SP (Brasil)
245 1 _aInstrucoes para o cultivo de hortalicas de folhas pela tecnica de hidroponia - NFT
260 3 _aCampinas, SP (Brasil):
_c1997.
300 _a30 p.
490 _aBoletim Tecnico - Instituto Agronomico (Brazil)
_vno. 168
_xISSN 0100-3100
500 _a13 ref.; Summaries (En, Pt)
650 _aHortalica Folhosa
650 _aCultivo Hidroponico
650 _aVariedade
650 _aSolucao Nutritiva
909 _a202312
_bLúcia Elande
_c55
_dLúcia Elande
942 _2AGRIS
_n0
_cMS
999 _c289138
_d289138